| 000 | 01025cab a2200205 4500 | ||
|---|---|---|---|
| 001 | ##L132941 | ||
| 008 | 060324n2006 000 0 eng u | ||
| 035 | _a(Sirsi) u132941 | ||
| 041 | 0 | _aeng | |
| 100 | _aMcCreath, Gordon | ||
| 245 | 2 | _aA damper on development | |
| 260 | _c2006 | ||
| 490 | 0 |
_aEstates Gazette _v(0611) 18 March 2006, 189(1) |
|
| 520 | _aUrges developers in Scotland to take on board the importance of the Water Environment (Controlled Activities) (Scotland) Regulations 2005 which came into force in June last year and implement the Water Framework Directive. Outlines the new controls on activities, the costs and planning implications and provides some must-dos for developers. Assesses the effects of the regulations and warns of the dangers of non-compliance. | ||
| 590 | _aIKA280306 | ||
| 650 | 2 | 4 | _aWATER ENVIRONMENT (CONTROLLED ACTIVITIES) (SCOTLAND) REGULATIONS 2005 |
| 650 | 2 | 4 | _aDIRECTIVE 2000/60/EC |
| 690 | _aENVIRONMENTAL AND LAND CONSULTANCY-WATER RESOURCE MANAGEMENT | ||
| 942 | _n0 | ||
| 999 |
_c76706 _d76706 |
||